| 000 | 00495nam a2200145Ia 4500 | ||
|---|---|---|---|
| 008 | 140724s9999 xx 000 0 und d | ||
| 050 |
_aLC 4813 _b.N677 2009 |
||
| 100 | _aNieto, Rosanne Alexia R. | ||
| 245 |
_aEffects of playtime on the learning of children with autism / _cRosanne Alexia R. Nieto. |
||
| 260 |
_aLas PiƱas, Philippines : _bSouthville International School and Colleges, _cc2009. |
||
| 300 |
_a69 p. : _c28 cm. |
||
| 521 | _aSpecial Education | ||
| 942 | _cTH | ||
| 999 |
_c228989 _d228989 |
||